| 000 | 01090cad a22002055a 4500 | ||
|---|---|---|---|
| 001 | L153082 | ||
| 008 | 110606s2011 xxk f 000 0 eng d | ||
| 035 | _a(Sirsi) u153082 | ||
| 041 | 0 | _aeng | |
| 110 | 2 |
_aUnited Kingdom _bCabinet Office _95270 |
|
| 245 | 0 | 0 |
_aGovernment construction strategy _h[electronic resource] |
| 260 |
_aLondon _bCO _c2011 |
||
| 520 | _aThis strategy calls for a profound change in the relationship between public authorities and the construction industry to ensure the Government consistently gets a good deal and the country gets the social and economic infrastructure it needs for the long-term. There is a detailed programme of measures Government will take that will reduce costs by up to 20% by the end of this parliament. | ||
| 590 | _aKA NTK | ||
| 651 | 4 |
_aUnited Kingdom _y |
|
| 690 |
_aProcurement _96260 |
||
| 690 | _aBUILT ENVIRONMENT-CONSTRUCTION MARKET | ||
| 856 | 4 | 0 |
_uhttps://www.gov.uk/government/uploads/system/uploads/attachment_data/file/61152/Government-Construction-Strategy_0.pdf _zView this item free of charge at www.gov.uk |
| 942 | _n0 | ||
| 999 |
_c112365 _d112365 |
||